000 01519cam a22004694i 4500
003 PE-LiUPU
005 20250731172829.0
008 140428s2006 sp g b 0|0 0|spa
020 _a8481692417
020 _a9788481692419
035 _a(Sirsi) i9788481692419
040 _aPE-LiUPU
_bspa
_cPE-LiUPU
_erda
049 _aPRUA
082 0 4 _a220
_bBBB
_223
100 1 _aSchaefer, Konrad,
_d1951- ,
_eautor.
245 1 0 _aSalmos, Cantar de los cantares, Lamentaciones /
_cKonrad Schaefer, O.S.B.
264 1 _aEstella (Navarra) :
_bVerbo Divino,
_c2006.
300 _a333 páginas ;
_c21 centímetros.
336 _atext
_2rdacontent
337 _aunmediated
_2rdamedia
338 _avolume
_2rdacarrier
490 0 _aBiblioteca bíblica básica ;
_v10
504 _aIncluye bibliografía.
505 0 _aSalmos -- Cantar de los Cantares -- Lamentaciones: ¡Cómo!.
526 _aSEG42
526 _aSEG41
526 _aSEG40
526 _aSEG39
526 _aP94
526 _aP87
526 _aP86
526 _aP85
526 _aP77
526 _aP76
526 _aP35
630 0 8 _aBiblia, Antiguo Testamento
_xSalmos
_vCrítica, interpretación, etc.
910 _agl
942 _2ddc
_cBK
949 _a220 BBB 10
_wDEWEY
_c1
_i69557
_d2016-11-17
_e2016-11-17
_lCCODEBUL1
_mBUL
_n5
_p30.00
_r0
_sY
_tBOOK
_u2015-7-6
_xTEOLOGIA
_0COMPRA
_o.STAFF. Colección General
999 _c6069
_d6069
980 _81
_gALBERTO SANCHEZ Responsable de Automatización